[Event "SM-2022-0-00460"]
[Site "LSS email"]
[Date "2022.01.24"]
[Round "?"]
[White "Bordenave, Roberto"]
[Black "Danzanvilliers, Patrice"]
[Result "1/2-1/2"]
[WhiteElo "2286"]
[BlackElo "2268"]
[PlyCount "45"]
[EventDate "2021.12.28"]
[EventType "tourn (corr)"]
[EventRounds "6"]
[EventCountry "GER"]
[SourceTitle "Corr 2024"]
[Source "ChessBase"]
[SourceDate "2023.10.19"]
[SourceVersion "1"]
[SourceVersionDate "2023.10.19"]
[SourceQuality "1"]

1. d4 Nf6 2. c4 e6 3. Nc3 d5 4. cxd5 exd5 5. Bg5 Be7 6. e3 c6 7. Bd3 Nbd7 8. Qc2 h6 9. Bh4 Nh5 10. Bxe7 Qxe7 11. Nge2 Nb6 12. h3 g6 13. 0-0-0 Ng7 14. Kb1 Bf5 15. Nc1 0-0-0 16. a4 a5 17. g4 Bxd3 18. Nxd3 Kb8 19. Qb3 Nd7 20. Rd2 h5 21. Rc1 Ne8 22. Rdc2 Nd6 23. Ka1 1/2-1/2

[Event "SM-2022-0-00460"]
[Site "LSS email"]
[Date "2022.01.19"]
[Round "?"]
[White "Danzanvilliers, Patrice"]
[Black "Johansson, Krister"]
[Result "1/2-1/2"]
[WhiteElo "2268"]
[BlackElo "2302"]
[PlyCount "68"]
[EventDate "2021.12.28"]
[EventType "tourn (corr)"]
[EventRounds "6"]
[EventCountry "GER"]
[SourceTitle "Corr 2024"]
[Source "ChessBase"]
[SourceDate "2023.10.19"]
[SourceVersion "1"]
[SourceVersionDate "2023.10.19"]
[SourceQuality "1"]

1. e4 e5 2. Nf3 Nc6 3. Bc4 Bc5 4. c3 Nf6 5. d3 d6 6. h3 h6 7. 0-0 Bb6 8. a4 g5 9. d4 g4 10. hxg4 Bxg4 11. d5 Na5 12. Be2 Nxe4 13. Nbd2 Bxf3 14. Nxf3 Qf6 15. Bd3 Ng5 16. Nh2 Rg8 17. Kh1 e4 18. Be2 c5 19. dxc6 Nxc6 20. Qd5 0-0-0 21. a5 Ne7 22. Bxg5 hxg5 23. Qxe4 Bc7 24. Ng4 Qg6 25. Qxg6 Rxg6 26. Ne3 f5 27. g3 f4 28. Ng4 d5 29. Kg2 d4 30. cxd4 Rxd4 31. a6 Kb8 32. axb7 fxg3 33. fxg3 Rd2 34. Rf8+ Kxb7 1/2-1/2

[Event "SM-2022-0-00460"]
[Site "LSS email"]
[Date "2022.01.19"]
[Round "?"]
[White "Danzanvilliers, Patrice"]
[Black "Kazimierski, Tomasz"]
[Result "1/2-1/2"]
[WhiteElo "2268"]
[BlackElo "2166"]
[PlyCount "85"]
[EventDate "2021.12.28"]
[EventType "tourn (corr)"]
[EventRounds "6"]
[EventCountry "GER"]
[SourceTitle "Corr 2024"]
[Source "ChessBase"]
[SourceDate "2023.10.19"]
[SourceVersion "1"]
[SourceVersionDate "2023.10.19"]
[SourceQuality "1"]

1. e4 c5 2. Nf3 d6 3. d4 cxd4 4. Nxd4 Nf6 5. Nc3 a6 6. Be3 Ng4 7. Bg5 h6 8. Bh4 g5 9. Bg3 Bg7 10. h3 Ne5 11. Nf5 Bxf5 12. exf5 Nbc6 13. Nd5 0-0 14. Be2 Qa5+ 15. c3 Nd7 16. 0-0 Nf6 17. Ne3 Qb6 18. b4 d5 19. a4 Qa7 20. Bf3 d4 21. cxd4 Nxd4 22. a5 Rac8 23. Be5 Rfd8 24. Bxd4 Rxd4 25. Rc1 Rxc1 26. Qxc1 Qb8 27. b5 axb5 28. Qc5 Ne4 29. Qxb5 Nd6 30. Qb6 Qc8 31. Rb1 Ra4 32. Nd5 Nxf5 33. Bg4 Qd7 34. Rd1 Ra1 35. Rxa1 Bxa1 36. Qxh6 Bg7 37. Qxg5 Qxd5 38. Qxf5 Qxf5 39. Bxf5 Bc3 40. Be4 Bxa5 41. Bxb7 Be1 42. Kf1 Bc3 43. Ke2 1/2-1/2

[Event "SM-2021-0-00454"]
[Site "LSS email"]
[Date "2021.11.26"]
[Round "?"]
[White "Wosch, Arkadiusz"]
[Black "Danzanvilliers, Patrice"]
[Result "1/2-1/2"]
[WhiteElo "2284"]
[BlackElo "2271"]
[PlyCount "55"]
[EventDate "2021.08.16"]
[EventType "tourn (corr)"]
[EventRounds "6"]
[EventCountry "GER"]
[SourceTitle "Corr 2024"]
[Source "ChessBase"]
[SourceDate "2023.10.19"]
[SourceVersion "1"]
[SourceVersionDate "2023.10.19"]
[SourceQuality "1"]

1. e4 c5 2. Nf3 d6 3. d4 cxd4 4. Nxd4 Nf6 5. Nc3 a6 6. Be3 e5 7. Nb3 Be6 8. f3 h5 9. Qd2 Nbd7 10. 0-0-0 Be7 11. Kb1 Rc8 12. h3 b5 13. Bd3 h4 14. f4 Qc7 15. Rhg1 Nb6 16. Bxb6 Qxb6 17. Rge1 0-0 18. f5 Bd7 19. Nd5 Nxd5 20. exd5 Rfe8 21. Qe2 Bf6 22. Nd2 Kf8 23. Ne4 Ke7 24. c3 Rh8 25. Rf1 a5 26. Rc1 Rc7 27. Rc2 Rhc8 28. Qe1 1/2-1/2

[Event "SM-2021-0-00439"]
[Site "LSS email"]
[Date "2021.02.04"]
[Round "?"]
[White "Pilgram, Kurt"]
[Black "Danzanvilliers, Patrice"]
[Result "1/2-1/2"]
[WhiteElo "2173"]
[BlackElo "2270"]
[PlyCount "59"]
[EventDate "2020.11.23"]
[EventType "tourn (corr)"]
[EventRounds "6"]
[EventCountry "GER"]
[SourceTitle "Corr 2024"]
[Source "ChessBase"]
[SourceDate "2023.10.19"]
[SourceVersion "1"]
[SourceVersionDate "2023.10.19"]
[SourceQuality "1"]

1. d4 Nf6 2. c4 e6 3. Nf3 d5 4. Nc3 c6 5. e3 Nbd7 6. Qc2 Bd6 7. Bd3 0-0 8. 0-0 dxc4 9. Bxc4 b5 10. Bd3 Bb7 11. a3 Rc8 12. Rd1 c5 13. Bxb5 Bxf3 14. gxf3 cxd4 15. Rxd4 Nd5 16. f4 N7f6 17. Qd1 Bc5 18. Rd3 Qb6 19. Qe2 Be7 20. Nxd5 exd5 21. Rd1 Rfd8 22. Bd3 Ne4 23. Bd2 Nxd2 24. Rxd2 d4 25. Rad1 Qf6 26. Qf3 g6 27. Bf1 dxe3 28. Qxe3 Rxd2 29. Rxd2 Bd6 30. Qd4 1/2-1/2

[Event "WC-2020-S-00003"]
[Site "LSS email"]
[Date "2020.06.08"]
[Round "?"]
[White "Aberbach Peltzman, Angel"]
[Black "Danzanvilliers, Patrice"]
[Result "1-0"]
[WhiteElo "2266"]
[BlackElo "2300"]
[PlyCount "59"]
[EventDate "2020.06.08"]
[EventType "tourn (corr)"]
[EventRounds "12"]
[EventCountry "GER"]
[SourceTitle "Corr 2024"]
[Source "ChessBase"]
[SourceDate "2023.10.19"]
[SourceVersion "1"]
[SourceVersionDate "2023.10.19"]
[SourceQuality "1"]

1. d4 Nf6 2. c4 e6 3. Nc3 d5 4. cxd5 exd5 5. Bg5 c6 6. e3 Be7 7. Bd3 Nbd7 8. Nge2 Nf8 9. Qc2 Ne6 10. Bh4 g6 11. f3 0-0 12. 0-0 b6 13. Rad1 Bb7 14. Bf2 Rc8 15. Kh1 Qc7 16. a3 Qb8 17. Qd2 Rcd8 18. e4 dxe4 19. fxe4 Ng4 20. Bg3 Qc8 21. h3 Bg5 22. Nf4 Nf6 23. Qf2 Nxd4 24. e5 Ne8 25. Bc4 Bxf4 26. Bxf4 c5 27. Kg1 Rd7 28. Bg5 Ng7 29. Nb5 Ba6 30. Nd6 1-0

[Event "WC-2020-S-00003"]
[Site "LSS email"]
[Date "2020.06.08"]
[Round "?"]
[White "Colibaba, Alexandr"]
[Black "Danzanvilliers, Patrice"]
[Result "1/2-1/2"]
[WhiteElo "2283"]
[BlackElo "2300"]
[PlyCount "83"]
[EventDate "2020.06.08"]
[EventType "tourn (corr)"]
[EventRounds "12"]
[EventCountry "GER"]
[SourceTitle "Corr 2024"]
[Source "ChessBase"]
[SourceDate "2023.10.19"]
[SourceVersion "1"]
[SourceVersionDate "2023.10.19"]
[SourceQuality "1"]

1. e4 c5 2. Nf3 d6 3. Bb5+ Nd7 4. c4 a6 5. Ba4 Ngf6 6. 0-0 e6 7. d4 cxd4 8. Qxd4 Be7 9. Nc3 0-0 10. Rd1 e5 11. Qe3 Qc7 12. Qe2 Nb6 13. Bb3 Be6 14. Nd5 Nbxd5 15. cxd5 Bd7 16. a4 Rfc8 17. h3 Bf8 18. Bd2 g6 19. Rdc1 Qd8 20. Bc4 b5 21. axb5 axb5 22. Rxa8 Rxa8 23. Bd3 Qe8 24. Kh2 Be7 25. Rc3 Bd8 26. Rb3 Bb6 27. Bh6 Bc5 28. Ng5 Rb8 29. Rc3 Bb6 30. Nf3 Nh5 31. g3 Nf6 32. Kg2 Kh8 33. Rc1 Ng8 34. Bd2 Kg7 35. Bb4 Qe7 36. Ra1 Nf6 37. Ne1 Qd8 38. h4 Bc8 39. Nc2 Ng4 40. f3 Nf2 41. Ne3 Nxd3 42. Qxd3 1/2-1/2

[Event "WC-2020-S-00003"]
[Site "LSS email"]
[Date "2020.06.08"]
[Round "?"]
[White "Corti, Horacio"]
[Black "Danzanvilliers, Patrice"]
[Result "1/2-1/2"]
[WhiteElo "2263"]
[BlackElo "2300"]
[PlyCount "80"]
[EventDate "2020.06.08"]
[EventType "tourn (corr)"]
[EventRounds "12"]
[EventCountry "GER"]
[SourceTitle "Corr 2024"]
[Source "ChessBase"]
[SourceDate "2023.10.19"]
[SourceVersion "1"]
[SourceVersionDate "2023.10.19"]
[SourceQuality "1"]

1. Nf3 Nf6 2. c4 e6 3. d4 d5 4. Nc3 c6 5. e3 Nbd7 6. Qc2 Bd6 7. Bd3 0-0 8. 0-0 dxc4 9. Bxc4 b5 10. Be2 Bb7 11. Rd1 Qc7 12. e4 e5 13. dxe5 Nxe5 14. Nd4 Neg4 15. Bxg4 Bxh2+ 16. Kf1 Nxg4 17. g3 Bxg3 18. fxg3 Qe5 19. Nf5 b4 20. Bf4 Qc5 21. Bd6 Ba6+ 22. Ke1 Qg1+ 23. Kd2 Qf2+ 24. Kc1 Qxc2+ 25. Kxc2 bxc3 26. Bxf8 cxb2 27. Kxb2 Kxf8 28. Rd7 g6 29. Nd6 Ne5 30. Rc7 Rd8 31. Rxa7 Be2 32. Nb7 Rd2+ 33. Ka3 Rd3+ 34. Kb4 Rxg3 35. Nd6 h5 36. Kc5 h4 37. Kd4 f6 38. a4 Rd3+ 39. Kc5 Rc3+ 40. Kd4 Rd3+ 1/2-1/2

[Event "WC-2020-S-00003"]
[Site "LSS email"]
[Date "2020.06.08"]
[Round "?"]
[White "Danzanvilliers, Patrice"]
[Black "Podvoysky, Evgeny"]
[Result "1/2-1/2"]
[WhiteElo "2300"]
[BlackElo "2338"]
[PlyCount "64"]
[EventDate "2020.06.08"]
[EventType "tourn (corr)"]
[EventRounds "12"]
[EventCountry "GER"]
[SourceTitle "Corr 2024"]
[Source "ChessBase"]
[SourceDate "2023.10.19"]
[SourceVersion "1"]
[SourceVersionDate "2023.10.19"]
[SourceQuality "1"]

1. e4 e6 2. d4 d5 3. Nc3 Bb4 4. e5 c5 5. a3 Bxc3+ 6. bxc3 Qc7 7. Qg4 f6 8. Nf3 c4 9. Be2 Nc6 10. Qg3 Qf7 11. 0-0 Bd7 12. a4 0-0-0 13. Qf4 Nge7 14. Ba3 Nf5 15. Qc1 Kb8 16. Qb2 Be8 17. h3 Ka8 18. a5 Nfe7 19. Rfb1 Nc8 20. Bc5 a6 21. Qc1 N6a7 22. Nh2 f5 23. f4 h6 24. Kf2 Qg8 25. Qe3 Rd7 26. g3 g5 27. Rg1 Nb5 28. Ke1 Rg7 29. Kd2 Ne7 30. Qf2 Qh7 31. h4 g4 32. Nf1 Bc6 1/2-1/2

[Event "WC-2020-S-00003"]
[Site "LSS email"]
[Date "2020.06.08"]
[Round "?"]
[White "Oliveira, Marcio B"]
[Black "Danzanvilliers, Patrice"]
[Result "1/2-1/2"]
[WhiteElo "2234"]
[BlackElo "2300"]
[PlyCount "58"]
[EventDate "2020.06.08"]
[EventType "tourn (corr)"]
[EventRounds "12"]
[EventCountry "GER"]
[SourceTitle "Corr 2024"]
[Source "ChessBase"]
[SourceDate "2023.10.19"]
[SourceVersion "1"]
[SourceVersionDate "2023.10.19"]
[SourceQuality "1"]

1. e4 c5 2. Be2 Nc6 3. Nc3 Nf6 4. Nf3 e5 5. 0-0 Be7 6. Re1 0-0 7. Bc4 d6 8. d3 h6 9. a4 a6 10. Bd2 Bd7 11. h3 Rb8 12. Nd5 b5 13. axb5 axb5 14. Ba2 Nxd5 15. Bxd5 Bf6 16. Qe2 Ne7 17. Ba2 Ra8 18. b4 Qc7 19. Bb3 Ng6 20. bxc5 dxc5 21. Be3 Be7 22. Nd2 Nf4 23. Bxf4 Rxa1 24. Rxa1 exf4 25. Nf3 Bc6 26. c3 c4 27. dxc4 b4 28. cxb4 Bxb4 29. c5 Bxc5 1/2-1/2

[Event "SM-2020-0-00420"]
[Site "LSS email"]
[Date "2020.02.07"]
[Round "?"]
[White "Danzanvilliers, Patrice"]
[Black "Bujdak, Pavel"]
[Result "1/2-1/2"]
[WhiteElo "2296"]
[BlackElo "2204"]
[PlyCount "69"]
[EventDate "2020.01.18"]
[EventType "tourn (corr)"]
[EventRounds "6"]
[EventCountry "GER"]
[SourceTitle "Corr 2022"]
[Source "ChessBase"]
[SourceDate "2021.10.24"]
[SourceVersion "1"]
[SourceVersionDate "2021.10.24"]
[SourceQuality "1"]

1. e4 c5 2. Nf3 d6 3. d4 cxd4 4. Nxd4 Nf6 5. Nc3 a6 6. Be3 e6 7. f3 b5 8. g4 h6 9. Qd2 Nbd7 10. 0-0-0 b4 11. Nce2 Qc7 12. h4 d5 13. Bf4 e5 14. Bh2 dxe4 15. g5 hxg5 16. hxg5 Rxh2 17. Rxh2 exd4 18. Rh8 Nd5 19. Qxd4 Bb7 20. fxe4 N5b6 21. Qxb4 0-0-0 22. Qd4 Qc5 23. e5 Qxd4 24. Nxd4 Nxe5 25. Ne6 Rxd1+ 26. Kxd1 Ng6 27. Rxf8+ Nxf8 28. Nxf8 Kd8 29. Bd3 Ke7 30. Nh7 Na4 31. Kc1 Nc5 32. Bf5 Be4 33. Bxe4 Nxe4 34. c4 Ke6 35. Kc2 1/2-1/2

[Event "SM-2020-0-00420"]
[Site "LSS email"]
[Date "2020.02.07"]
[Round "?"]
[White "Danzanvilliers, Patrice"]
[Black "Khanas, Valeriy"]
[Result "1/2-1/2"]
[WhiteElo "2296"]
[BlackElo "2345"]
[PlyCount "65"]
[EventDate "2020.01.18"]
[EventType "tourn (corr)"]
[EventRounds "6"]
[EventCountry "GER"]
[SourceTitle "Corr 2022"]
[Source "ChessBase"]
[SourceDate "2021.10.24"]
[SourceVersion "1"]
[SourceVersionDate "2021.10.24"]
[SourceQuality "1"]

1. e4 c5 2. Nf3 Nc6 3. d4 cxd4 4. Nxd4 Nf6 5. Nc3 e5 6. Ndb5 d6 7. Nd5 Nxd5 8. exd5 Nb8 9. a4 Be7 10. Be2 0-0 11. 0-0 Nd7 12. Kh1 f5 13. f4 a6 14. Na3 exf4 15. Bxf4 Nc5 16. Nc4 a5 17. Qd2 b6 18. Rae1 Ba6 19. Na3 Bh4 20. g3 Ne4 21. Qd1 Bxe2 22. Rxe2 Bg5 23. Nb5 Bxf4 24. Rxf4 Qd7 25. Nd4 Nc5 26. b3 g6 27. Ne6 Rfe8 28. Rf1 Nxe6 29. Rxe6 Rxe6 30. dxe6 Qc6+ 31. Kg1 Re8 32. Re1 d5 33. Re5 1/2-1/2

[Event "SM-2020-0-00420"]
[Site "LSS email"]
[Date "2020.02.07"]
[Round "?"]
[White "Koch, Christian"]
[Black "Danzanvilliers, Patrice"]
[Result "1-0"]
[WhiteElo "2274"]
[BlackElo "2296"]
[PlyCount "91"]
[EventDate "2020.01.18"]
[EventType "tourn (corr)"]
[EventRounds "6"]
[EventCountry "GER"]
[SourceTitle "Corr 2022"]
[Source "ChessBase"]
[SourceDate "2021.10.24"]
[SourceVersion "1"]
[SourceVersionDate "2021.10.24"]
[SourceQuality "1"]

1. e4 c5 2. Nc3 Nc6 3. Nf3 d6 4. d4 cxd4 5. Nxd4 Nf6 6. Bg5 e6 7. Qd2 a6 8. 0-0-0 Bd7 9. f4 b5 10. Bxf6 gxf6 11. Kb1 Qb6 12. Nxc6 Bxc6 13. f5 h5 14. fxe6 fxe6 15. Qe1 Kf7 16. Bd3 Be7 17. Ne2 Qe3 18. Rf1 Rag8 19. Rf3 Qc5 20. Nf4 e5 21. Nd5 Bxd5 22. exd5 Rxg2 23. Bf5 h4 24. a3 Kg7 25. Qa5 Rg1 26. Rff1 Rxf1 27. Rxf1 b4 28. axb4 Qxa5 29. bxa5 Rb8 30. Rg1+ Kh6 31. Bd3 f5 32. Bxf5 Bg5 33. c3 Rf8 34. Bd3 Rf2 35. Bxa6 Rxh2 36. Bd3 Rf2 37. a6 Be3 38. Rg8 Kh5 39. Be4 Rf4 40. Bg2 e4 41. Re8 Kg5 42. b4 Bb6 43. Bxe4 h3 44. Kc2 h2 45. Rg8+ Kh4 46. Kd3 1-0